000 00614 a2200217 4500
005 20251231125713.0
008 251231b |||||||| |||| 00| 0 eng d
020 _a9789349202016
_cRs. 995.00
040 _aMAIN
082 _a362.4
_bR118D
100 _aRadhey Shyam, ed.
245 _aDisability and rehabilitation: An inclusive approach
260 _bV R Book International
_c2025
_aNew Delhi
300 _axiii, 266
650 _aDisability Studies
650 _aRehabilitation
650 _aSocial Integration and Empowerment
700 _aPratima Devi, ed.
700 _aAnusha, ed.
942 _cBK
999 _c393817
_d393817